Statistics for Top 10 Best Brazilian Football Players of All Time

Click here to take the quiz!

General Stats

  • This quiz has been taken 1,028 times
  • The average score is 7 of 10

Answer Stats

Pos. No.Answer% Correct
1.Pelé
98%
2.Ronaldo
97%
3.Ronaldinho
92%
5.Neymar Jr.
88%
10.Roberto Carlos
71%
6.Kaka
64%
7.Garrincha
62%
8.Romário
61%
4.Zico
60%
9.Rivelino
19%

Score Distribution

Percentile by Number Answered

Percent of People with Each Score

Your Score History

You have not taken this quiz